Statistics for Historical Figures #1 - Charlemagne

Click here to take the quiz!

General Stats

  • This quiz has been taken 13 times
  • The average score is 8 of 18

Answer Stats

HintAnswer% Correct
Year that Charlemagne was crowned Holy Roman Emperor800 AD
80%
and eventually ____ _____ emperorHoly Roman
80%
Number of women he married in his lifetimeFive
70%
He was King of the ______ with his brotherFranks
70%
Dynasty that Charlemagne's father startedCarolingian
60%
Day that Charlemagne was crowned onChristmas
60%
German state that Charlemagne conqueredBavaria
50%
What does the name Charlemagne mean?Charles the Great
50%
Nickname given to him ("Father of ______")Europe
50%
People that Charlemagne conquered in Northern ItalyLombards
50%
Year that Charlemagne Died814 AD
30%
People that Charlemagne fought in Spain from Northern AfricaMoors
30%
Father of CharlemagnePepin the Short
30%
Pope that crowned CharlemagnePope Leo III
20%
Pagan worshippers he waged war againstSaxons
20%
Late brother of CharlemagneCarloman
10%
Monetary system that Charlemagne establishedLivre Carolinienne
0%
Name of son who he left his empire toLouis the Pious
0%

Score Distribution

Percentile by Number Answered

Percent of People with Each Score

Your Score History

You have not taken this quiz